000 01580cgm a2200349 i 4500
001 60454
003 CO-BoRNBP
005 20260209195603.0
007 cr*c|a|||aumba
008 210409s2014 ck 001 g ecspa
040 _aCO-BoBN
_bspa
_erda
_cCO-BoBN
082 0 4 _a398.809861
_223
245 0 0 _aTortuguita, vení bailá
246 0 3 _aLa tortuguita :
_b(juego de las comunidades afrodescendientes del paciífico)
250 _a1a. edición
264 1 _a[Colombia] :
_b[Maguaré],
_c[2014]
300 _a1 recurso en línea (1 archivo de video: 01 min., 20 seg.) :
_bsonido, color
306 _a000054
336 _aimágen en movimiento bidimensional
_btdi
_2rdacontent
337 _acomputadora
_bc
_2rdamedia
338 _arecurso en línea
_bcr
_2rdacarrier
347 _aarchivo de video:
_bMP4,
_c3.9 MB
_2rda
506 1 _aPara consulta únicamente a través de Internet
520 2 _aVideo animado de una ronda infantil perteneciente a las comunidades afrodescendientes del pacífico
540 _aTodos los derechos reservados. Está prohibido todo tipo de reproducción sin autorización del autor o de los derechohabientes. Fuente:
_bBiblioteca Nacional de Colombia
650 1 4 _aRondas infantiles
_zPacífico (Región, Colombia)
_2LEMB
_968725
650 2 4 _aCanciones infantiles
_zPacífico (Región, Colombia)
_2LEMB
_91667
650 4 _aAfrocolombianos
_xVida social y costumbres
_2LEMB
_968726
655 4 _aVideo digital
_968727
856 4 0 _zVIDEO
_uhttp://catalogoenlinea.bibliotecanacional.gov.co/client/es_ES/search/asset/186749
942 _2ddc
_cBK
999 _c60454
_d60454